000 00658nam a2200241Ia 4500
003 OSt
005 20220918175311.0
006 a|||||r|||| 00| 0
007 ta
008 220917b |||||||| |||| 00| 0 eng d
024 _a16,537
037 _cTextual
040 _aARTS
_cARTS
_beng
041 _2eng
_aeng
082 _aO:1J7:1, F6
100 _aWillobie M Henry
_953542
245 0 _aHis Avisa 2. Harrison (G.B.)
_b Willobe his Avisa
260 _c1926
490 _aBodley Head quartos, ed . by G.B. Harrison; 15
650 _aENGLISH LITERATURE
942 _hO:1J7:1, F6
_cTEXL
_2CC
999 _c156915
_d156915